Дарвинизм, номогенез, международная стратиграфическая шкала (МСШ); Методологические и философские проблемы геологии

מידע ביבליוגרפי
Parent link:Методологические и философские проблемы геологии.— 1979.— С. 198-221
מחבר ראשי: Халфин Л. Л. Леонтий Леонтьевич
שפה:רוסית
יצא לאור: 1979
נושאים:
פורמט: Book Chapter
KOHA link:https://koha.lib.tpu.ru/cgi-bin/koha/opac-detail.pl?biblionumber=152400

MARC

LEADER 00000naa2a2200000 4500
001 152400
005 20231031150952.0
035 |a (RuTPU)RU\TPU\book\165230 
035 |a RU\TPU\tpu\15523 
090 |a 152400 
100 |a 20090130d1979 k y0rusy50 ca 
101 0 |a rus 
102 |a RU 
200 1 |a Дарвинизм, номогенез, международная стратиграфическая шкала (МСШ)  |f Л. Л. Халфин 
463 0 |0 (RuTPU)RU\TPU\book\161350  |t Методологические и философские проблемы геологии  |v С. 198-221  |f Академия наук СССР (АН СССР), Сибирское отделение (СО), Институт истории, филологии и философии ; Институт геологии и геофизики (ИГиГ) ; сост. А. Т. Москаленко  |d 1979  |p 368 с. 
610 1 |a труды учёных ТПУ 
700 1 |a Халфин  |b Л. Л.  |c российский ученый  |c горный инженер  |c профессор Томского политехнического института  |f 1902-1977  |g Леонтий Леонтьевич  |2 stltpush  |3 (RuTPU)RU\TPU\pers\1945 
801 1 |a RU  |b 63413507  |c 20081216  |g PSBO 
801 2 |a RU  |b 63413507  |c 20090130  |g PSBO 
942 |c BK